Deaton, Angus. economics in America: An immigrant economist explores the land of inequality (Record no. 525970)

000 -LEADER
fixed length control field 00643nam a22001457a 4500
008 - FIXED-LENGTH DATA ELEMENTS--GENERAL INFORMATION
fixed length control field 240429b ||||| |||| 00| 0 eng d
100 ## - MAIN ENTRY--PERSONAL NAME
Personal name Ferrie, Joseph P.
245 ## - TITLE STATEMENT
Title Deaton, Angus. economics in America: An immigrant economist explores the land of inequality
260 ## - PUBLICATION, DISTRIBUTION, ETC. (IMPRINT)
Place of publication, distribution, etc Journal of Economic Literature
300 ## - PHYSICAL DESCRIPTION
Extent 62(1). Mar, 2024: p323-324
520 ## - SUMMARY, ETC.
Summary, etc Ferrie, Joseph P. 2024. "Deaton, Angus. Economics in America: An Immigrant Economist Explores the Land of Inequality." Journal of Economic Literature, 62 (1): 323-24.- Reproduced
773 ## - HOST ITEM ENTRY
Main entry heading Journal of Economic Literature
906 ## - LOCAL DATA ELEMENT F, LDF (RLIN)
Subject DIP BOOK REVIEW
942 ## - ADDED ENTRY ELEMENTS (KOHA)
Item type Articles
Holdings
Withdrawn status Lost status Source of classification or shelving scheme Damaged status Not for loan Permanent location Current location Date acquired Serial Enumeration / chronology Barcode Date last seen Koha item type
          Indian Institute of Public Administration Indian Institute of Public Administration 2024-04-29 62(1). Mar, 2024: p323-324 AR131763 2024-04-29 Articles

Powered by Koha